00987nam a22003017a 450000500170000000800410001701000100005801100100006803500100007809000100008810000400009824500600013826000320019830000100023050000110024050200850025159000370033659000410037359000410041459000410045559000420049665000200053865000380055865000250059690100070062194900400062899900170066820220329141241.0971010s1987 r 00010 d a65142 a66114 a74089 aTesis00aCarrillo García, Mauricio.919488 aSimulación del flujo en una red de canales para riego aMéxico :bEl autor,c1987 a107 h a1992/6 aTesis (M.C. Esp. en Ingeniería Hidráulica) -- UNAM. Facultad de Ingeniería aALEPHb10c20130110lUCH01h1354 aBATCH-UPDb10c20130110lUCH01h0804 aBATCH-UPDb10c20130410lUCH01h0443 aBATCH-UPDb10c20130914lUCH01h0831 aCONVERSIONb10c20130109lUCH01h133614aCanales.91825514aIngeniería hidráulica.95823514aIrrigación.960366 aBK bIcTESBDd-6939eTS1h182i74089si c65142d65142